000 00629nam a2200241Ia 4500
000 nam a22 i 4500
001 UNACH-13626
007 ta
008 221212s ||||fr|||| 00| | spa d
041 0 _aspa
082 0 4 _a371.227
_bAprendizaje
100 1 _aBurton, William H.,
_eautor
245 1 0 _aORIENTACIÓN DEL APRENDIZAJE
336 _atexto
_btxt
_2rdacontent
337 _ano mediado
_bn
_2rdamedia
338 _avolumen
_bnc
_2rdacarrier
504 _aincluye índice
505 0 _aaprendizaje.-- definiciones
650 1 4 _aAPRENDIZAJE
650 2 4 _aAPRENDIZAJE INTEGRADO
942 _2ddc
_c1
_n0
999 _c10220
_d10220